000 00560nam a2200145Ia 4500
008 170221s9999 xx 000 0 und d
100 _aAzamudin Badri-Harun
245 _aFactors Influencing Students of Technology-Based Universities to Become Entrepreneurs
245 _cAzamudin Badri-Harun, Kamarul Ariffin Mansor, Zullina Hussain Shaari, Md Radzi Zainol, Amzairi Amar
260 _bInternational Review of Management and Marketing
260 _c2014
300 _a5 : 1
650 _xMarketing.
856 _uhttp://www.econjournals.com/index.php/irmm
999 _c313726
_d313726